| 000 | 00302 a2200121 4500 | ||
|---|---|---|---|
| 999 |
_c321846 _d321846 |
||
| 001 | 86773 | ||
| 003 | NUST | ||
| 005 | 20180123152009.0 | ||
| 008 | 180123b xxu||||| |||| 00| 0 eng d | ||
| 082 | _a618.92238 RAC | ||
| 100 |
_aRachelefsky, Gary _99617 |
||
| 245 |
_aFree Your Child from Asthma _hEnglish |
||
| 260 |
_aNew York _bMcGraw Hill _c2007 |
||
| 300 | _a181p. | ||
| 942 |
_aCAE NUST _cBK _k618.92238 RAC _2ddc |
||